| 000 | 00992cam a2200265 a 4500 | ||
|---|---|---|---|
| 001 | 1162792 | ||
| 003 | ARRUPE | ||
| 005 | 20141216165021.0 | ||
| 008 | 960529r19961995miua 000 0 eng | ||
| 010 | _a 96025505 | ||
| 020 | _a0802838146 | ||
| 040 |
_aDLC _cDLC _dDLC |
||
| 050 | 0 | 0 |
_aND1430 _b.H37 1996 |
| 082 | 0 | 0 |
_a755/.56 _220 |
| 100 | 1 |
_aHarries, Richard, _d1936- _913479 |
|
| 245 | 1 | 2 |
_aA gallery of reflections : _bthe nativity of Christ / _cRichard Harries. |
| 260 |
_aGrand Rapids, Mich. : _bWilliam B. Eerdmans Publishing Co., _c1996. |
||
| 300 |
_a92 p. : _bcol. ill. ; _c25 cm. |
||
| 500 | _aOriginally published: Oxford : Lion Pub., 1995. | ||
| 600 | 0 | 0 |
_aJesus Christ _xNativity _xArt. _913480 |
| 650 | 0 |
_aPainting. _913481 |
|
| 906 |
_a7 _bcbc _corignew _d1 _eocip _f19 _gy-gencatlg |
||
| 942 |
_2lcc _cMONOGRAPH |
||
| 999 |
_c121529 _d121529 |
||